000 00705nam a2200289Ia 4500
005 20260324120602.0
008 008 260324s9999 xx 000 0 eng d
020 _a9781315751023
037 _aEBOOK
040 _aCRL
040 _beng
040 _cCRL
041 _2eng
041 _aeng
084 _qCRL
100 _aAmy Nethery; Stephanie Silverman
_91159158
245 0 _aImmigration Detention
245 4 _bThe migration of a policy and its human impact
260 _bTaylor and Francis
260 _c2015
365 _a
365 _b240
856 _uhttp://www.taylorfrancis.com/books/9781315751023
942 _cEBOOK
999 _c1750771
_d1750771